| 000 | 01548cam a2200337 i 4500 | ||
|---|---|---|---|
| 003 | SA-RiAUC | ||
| 005 | 20250720061629.0 | ||
| 008 | 250719s1980 su g 000 0 ara c | ||
| 040 |
_aSA-RiKSU _bara _cSA-RiAUC _erda |
||
| 043 | _aa-su--- | ||
| 082 | 0 | 4 |
_a953.07393 _qSA-RiAUC |
| 090 |
_a953.07393 _bب ا ق |
||
| 100 | 1 |
_aباقاسي، عائشة عبد الله عمر _eمؤلف. |
|
| 245 | 1 | 0 |
_aبلاد الحجاز في العصر الأيوبي 567-648 هـ / 1171-1250 م / _cعائشة عبد الله باقاسي. |
| 250 | _aالطبعة الأولى. | ||
| 264 | 1 |
_aمكة المكرمة : _bدار مكة للطباعة والنشر والتوزيع، _c1980 |
|
| 300 |
_a138 صفحة ؛ _c24 سم. |
||
| 336 |
_aنص _btxt _2rdacontent _3كتاب |
||
| 337 |
_aبدون وسيط _bn _2rdamedia |
||
| 338 |
_aمجلد _bnc _2rdacarrier |
||
| 490 | 0 | _aمنشورات نادى مكة الأدبي الثقافى | |
| 504 | _aببليوجرافية : صفحة 123-134. | ||
| 651 | 7 |
_aالحجاز (السعودية) _xتاريخ _2aucsh |
|
| 651 | 7 |
_aالسعودية _xتاريخ _2aucsh |
|
| 651 | 7 |
_aالحجاز (السعودية) _xتاريخ _yالعصر الأيوبي، 567-648 هجري. _2aucsh |
|
| 651 | 7 |
_aشبه الجزيرة العربية _xتاريخ _yعصر صدر الإسلام، 610-661 _2aucsh |
|
| 651 | 7 |
_aشبه الجزيرة العربية _xتاريخ _yالعصر الأيوبي، 1171-1250 _2aucsh |
|
| 942 |
_2ddc _cBOOK _n0 |
||
| 949 |
_aSA-JeALM _d250719 _umohamedma123 _n1 |
||
| 999 |
_c10120 _d10120 |
||